000
00344 a2200157 4500
001
72798
020
_a
8587479628
040
_c
Anchieta - Colégio São Paulo
100
_a
Franco, Izaura
240
1
0
_a
Carta a Daniela
_l
por
245
1
0
_a
Carta a Daniela
300
_a
[22]
362
0
_a
2007
650
4
_a
Literatura infantil
942
_c
BK
999
_c
72798
_d
72798